| 000 | 00753cam a2200241 a 4500 | ||
|---|---|---|---|
| 020 | _a0764537008 (pbk.) | ||
| 040 | _cDLC | ||
| 082 | 0 | 0 | _a686 WIL 2003 A043 Or. |
| 100 | 1 | _aPeck, Wendy, | |
| 245 | 1 | 0 | _aGreat Web typography / |
| 260 |
_aNew York : _bWiley Pub., _cc2003. |
||
| 300 |
_axxi, 316 p. : _bcol. ill. ; _c26 cm. |
||
| 500 | _aIncludes index. | ||
| 650 | 0 | _aGraphic design (Typography) | |
| 650 | 0 | _aWeb typography. | |
| 650 | 0 | _aWeb sites | |
| 650 | 0 | _aComputer fonts. | |
| 650 | 0 | _aWeb publishing. | |
| 856 | 4 | 2 | _uhttp://www.loc.gov/catdir/bios/wiley045/2002111062.html |
| 856 | 4 | 2 | _uhttp://www.loc.gov/catdir/description/wiley038/2002111062.html |
| 856 | 4 | 1 | _uhttp://www.loc.gov/catdir/toc/wiley031/2002111062.html |
| 942 | _cEK | ||
| 999 |
_c12959 _d12959 |
||